County of South Glamorgan structure plan /

Saved in:
Bibliographic Details
Corporate Author: South Glamorgan (Wales). County Council
Format: Book
Language:English
Published: [South Glamorgan, Wales : The Council], 1977.
Subjects:
LEADER 01281nam a2200265 a 4500
001 c000120073
003 CARM
005 00000000000000.0
008 950104s1977 wlkb 00010 eng d
019 1 |a 6695954  |5 LACONCORD2021 
035 |a (OCoLC)220656493  |5 LACONCORD2021 
040 |a VU  |c VU 
043 |a e-uk-wl 
110 1 0 |a South Glamorgan (Wales).  |b County Council. 
245 1 0 |a County of South Glamorgan structure plan /  |c prepared, and submitted to the Secretary of State for Wales for approval, by the County Council of South Glamorgan, pursuant to the provisions contained in the Town and Country Planning Act 1971. 
260 |a [South Glamorgan, Wales :  |b The Council],  |c 1977. 
300 |a 194, xv p., [3] folded leaves of plates :  |b maps ;  |c 30 cm. 
500 |a At head of cover title: County of South Glamorgan, Sir De Morgannwg. 
650 0 |a City planning  |z Wales  |z South Glamorgan. 
650 0 |a Regional planning  |z Wales  |z South Glamorgan. 
650 0 |a Cities and towns  |z Wales  |z South Glamorgan. 
852 8 |b CARM  |h A2:AF09D4  |i D01010  |p 0060031  |f BK 
082 0 4 |a 307.30942986  |2 20 
999 f f |i 77f226a7-6909-505e-8382-502c1d748793  |s 76538fe9-5216-5ad1-9e55-11c9a22a09f2 
952 f f |p Can circulate  |a CAVAL  |b CAVAL  |c CAVAL  |d CARM 1 Store  |e D01010  |f A2:AF09D4  |h Other scheme  |i book  |m 0060031